000 00390nam a2200145Ia 4500
008 230718s9999 xx 000 0 und d
041 _aeng
082 _a658.40353
_bRAG
100 _aRaghunathan V.
_9109775
245 _aGames Indian Play We Are The Way We Are
260 _bPengain
365 _cRs.
_b325.00
700 _aRaghunathan V.
_9109775
906 _dB:126703-Aug-2007
_cOTH
_b65
999 _c317398
_d317398